ბათუმის შოთა რუსთაველის სახელმწიფო უნივერსიტეტის ბიბლიოთეკა

საშენი მასალების ლაბორატორიული სამუშაოები : (ბიბ.ჩანაწერი № 39020)

000 -ლიდერი
ფიქსირებული სიგრძის საკონტროლო ველი 01036nam a2200229Ia 4500
001 - საკონტროლო ნომერი
საკონტროლო ველი 5530
003 - საკონტროლო ნომრის იდენტიფიკატორი
საკონტროლო ველი GE_BSU
005 - ბოლო ოპერაციის თარიღი და დრო
საკონტროლო ველი 20190605204140.0
008 - ფიქსირებული სიგრძის მონაცემთა ელემენტები - ზოგადი ინფორმაცია
ფიქსირებული სიგრძის საკონტროლო ველი 181216s1981||||ge |||||||||||||| ||geo||
040 ## - კატალოგიზაციის წყარო
Transcribing agency GE_BSU
041 ## - ენის კოდი
Language code of text/sound track or separate title geo
080 ## - უნივერსალური ათობითი კლასიფიკაციის ინდექსი
Universal Decimal Classification number 691(076) ბ-97
100 ## - მთავარი ჩანაწერი - პიროვნების სახელი
Personal name ბურჭულაძე, შ.
9 (RLIN) 708
245 ## - ცნობა სათაურის შესახებ
Title საშენი მასალების ლაბორატორიული სამუშაოები :
Remainder of title დამხმ. სახელმძღ. /
Statement of responsibility, etc შ. ბურჭულაძე, ი. ქვლივიძე ; რედ. ა. ტატიშვილი.
264 ## - წარმოების, გამოცემის, დისტრიბუციის და სხვა ცნობები
გამოცემის, წარმოების, დისტრიბუციის... ადგილი თბილისი :
გამოცემის, წარმოების, დისტრიბუციის... სახელწოდება მეცნიერება,
გამოცემის, წარმოების, დისტრიბუციის... თარიღი 1981.
300 ## - ფიზიკური აღწერა
Extent 133 გვ. :
Other physical details ილ. ;
Dimensions 20 სმ.
504 ## - BIBLIOGRAPHY, ETC. NOTE
Bibliography, etc ბიბლიოგრ. : გვ.128-129.
653 ## - INDEX TERM--UNCONTROLLED
Uncontrolled term საშენი მასალები
700 ## - ADDED ENTRY--PERSONAL NAME
Personal name ქვლივიძე, ი.
Relator term ავტორი
9 (RLIN) 710
700 ## - ADDED ENTRY--PERSONAL NAME
Personal name ტატიშვილი, ა.
Relator term რედაქტორი
9 (RLIN) 711
942 ## - ADDED ENTRY ELEMENTS (KOHA)
Koha item type წიგნი
Source of classification or shelving scheme
ეგზემპლარები
ჩამოწერის სტატუსი დაკარგული ეგზემპლარის სტატუსი კლასიფიკაციის წყარო ან თაროზე გაწყობის სქემა დაზიანების სტატუსი არ გაიცემა მუდმივი მდებარეობა (დაცვის ადგილი) ამჟამინდელი ადგილსამყოფელი თაროზე განთავსების ადგილი შეძენის თარიღი ღირებულება, შესყიდვის ნორმალური ფასი სრული შენახვის შიფრი შტრიხკოდი ბოლო ოპერაციის თარიღი ეგზემპლარის მიმდევრობითი ნომერი (კეტერი?) ფასის ძალაში შესვლის თარიღი ეგზემპლარის სახეობა საჯარო შენიშვნა
          ტექნოლოგიური ფაკულტეტის ბიბლიოთეკა ტექნოლოგიური ფაკულტეტის ბიბლიოთეკა წიგნსაცავი 2018-12-17 1.70 691(076) ბ-97 11671 2018-12-17 11671 2018-12-17 წიგნი 1.70 ლ.
          ტექნოლოგიური ფაკულტეტის ბიბლიოთეკა ტექნოლოგიური ფაკულტეტის ბიბლიოთეკა წიგნსაცავი 2018-12-17 1.70 691(076) ბ-97 11672 2018-12-17 11672 2018-12-17 წიგნი 1.70 ლ.
          ტექნოლოგიური ფაკულტეტის ბიბლიოთეკა ტექნოლოგიური ფაკულტეტის ბიბლიოთეკა წიგნსაცავი 2018-12-17 1.70 691(076) ბ-97 11673 2018-12-17 11673 2018-12-17 წიგნი 1.70 ლ.
          ტექნოლოგიური ფაკულტეტის ბიბლიოთეკა ტექნოლოგიური ფაკულტეტის ბიბლიოთეკა წიგნსაცავი 2018-12-17 1.70 691(076) ბ-97 11674 2018-12-17 11674 2018-12-17 წიგნი 1.70 ლ.
          ტექნოლოგიური ფაკულტეტის ბიბლიოთეკა ტექნოლოგიური ფაკულტეტის ბიბლიოთეკა წიგნსაცავი 2018-12-17 1.70 691(076) ბ-97 11675 2018-12-17 11675 2018-12-17 წიგნი 1.70 ლ.
          ტექნოლოგიური ფაკულტეტის ბიბლიოთეკა ტექნოლოგიური ფაკულტეტის ბიბლიოთეკა წიგნსაცავი 2018-12-17 1.70 691(076) ბ-97 11676 2018-12-17 11676 2018-12-17 წიგნი 1.70 ლ.
          ტექნოლოგიური ფაკულტეტის ბიბლიოთეკა ტექნოლოგიური ფაკულტეტის ბიბლიოთეკა წიგნსაცავი 2018-12-17 1.70 691(076) ბ-97 12146 2018-12-17 12146 2018-12-17 წიგნი 1.70 ლ.
          ტექნოლოგიური ფაკულტეტის ბიბლიოთეკა ტექნოლოგიური ფაკულტეტის ბიბლიოთეკა წიგნსაცავი 2018-12-17 1.70 691(076) ბ-97 12147 2018-12-17 12147 2018-12-17 წიგნი 1.70 ლ.
          ტექნოლოგიური ფაკულტეტის ბიბლიოთეკა ტექნოლოგიური ფაკულტეტის ბიბლიოთეკა წიგნსაცავი 2018-12-17 1.70 691(076) ბ-97 12148 2018-12-17 12148 2018-12-17 წიგნი 1.70 ლ.
          ტექნოლოგიური ფაკულტეტის ბიბლიოთეკა ტექნოლოგიური ფაკულტეტის ბიბლიოთეკა წიგნსაცავი 2018-12-17 1.70 691(076) ბ-97 12149 2018-12-17 12149 2018-12-17 წიგნი 1.70 ლ.
          ტექნოლოგიური ფაკულტეტის ბიბლიოთეკა ტექნოლოგიური ფაკულტეტის ბიბლიოთეკა წიგნსაცავი 2018-12-17 1.70 691(076) ბ-97 12150 2018-12-17 12150 2018-12-17 წიგნი 1.70 ლ.
          ტექნოლოგიური ფაკულტეტის ბიბლიოთეკა ტექნოლოგიური ფაკულტეტის ბიბლიოთეკა წიგნსაცავი 2018-12-17 1.70 691(076) ბ-97 12151 2018-12-17 12151 2018-12-17 წიგნი 1.70 ლ.
          ტექნოლოგიური ფაკულტეტის ბიბლიოთეკა ტექნოლოგიური ფაკულტეტის ბიბლიოთეკა წიგნსაცავი 2018-12-17 1.70 691(076) ბ-97 12152 2018-12-17 12152 2018-12-17 წიგნი 1.70 ლ.
          ტექნოლოგიური ფაკულტეტის ბიბლიოთეკა ტექნოლოგიური ფაკულტეტის ბიბლიოთეკა წიგნსაცავი 2018-12-17 1.70 691(076) ბ-97 12153 2018-12-17 12153 2018-12-17 წიგნი 1.70 ლ.
          ტექნოლოგიური ფაკულტეტის ბიბლიოთეკა ტექნოლოგიური ფაკულტეტის ბიბლიოთეკა წიგნსაცავი 2018-12-17 1.70 691(076) ბ-97 12154 2018-12-17 12154 2018-12-17 წიგნი 1.70 ლ.